Представление документа в формате MARC21

Поле Инд. ПП Название Значение
Тип записи a
Библиографический уровень a
001 Контрольный номер 3e43b326ee3d42bf99d898d57e0d662d
005 Дата корректировки 20160128111918.6
020 a ISBN 978-5-7609-0417-1
040 a Служба первич. каталог. НБ ТвГУ
b Код языка каталог. rus
e Правила каталог. PSBO
041 0_ a Код языка текста rus
097 b Оператор novikova
100 1_ a Автор Сабурова Людмила Евгеньевна
q Полное имя Сабурова Л. Е.
245 10 a Заглавие Особенности «Дневника размышлений» Дж. Леопарди в контексте итальянского романтизма
260 a Место издания Тверь
b Издательство Тверской государственный университет
440 _0 a Серия Ученые записки / Твер. гос. ун-т, Науч.-исслед. и учеб. лаб. комплекс. изуч. пробл. романтизма
504 a Библиография Библиогр. в подстроч. примеч.
520 0_ a Аннотация Леопарди предназначал свои дневники для публикации, то есть рассматривал их в ряду с другими жанрами своего творчества. Можно утверждать, что дневники Леопарди представляют собой максимально свободную жанровую форму.
653 0_ a Ключевые слова Леопарди Джакомо
a Ключевые слова Итальянский романтизм
a Ключевые слова Романтизм
a Ключевые слова Дневник размышлений Дж. Леопарди
a Ключевые слова Полемичность
a Ключевые слова Жанровая форма
773 18 w Контрольный № источника 1749a053-332c-4107-a5f1-8c15e88edd83
t Название источника Романтизм: грани и судьбы
d Место и дата издания Тверь : Тверской государственный университет, 2008
g Прочая информация Вып. 7. - С. 101-109
901 t Тип документа a
920 a Оператор Нови